000 00570cam a22002053a 4500
001 37346
003 PGUSA
005 20140828083823.0
008 110908s2011||||xxu|||||s|||||000 | eng d
040 _aPGUSA
_beng
042 _adc
100 1 _aTrain, Arthur Cheney,
_d1875-1945
245 1 0 _aMortmain
_h[electronic resource] /
_cArthur Cheney Train
260 _bProject Gutenberg,
_c2011
506 _aPublic domain in the USA.
516 _aElectronic text
830 0 _aProject Gutenberg
_v37346
856 4 0 _uhttp://www.gutenberg.org/ebooks/37346
942 _cEB
999 _c266600
_d266600